00443nam a22001217a 4500020001600000082001200016100002000028245013700048260003700185300003300222650003700255700002900292 qHard Cover. a620.005 aWarshi, Ramsha  aImpact of performance appraisal system on organizational Citizenship Behavior of Employees in IT Sector of Pakistan /cRamsha Warshi aIslamabad :bCEME - NUST,c2017. axiii, 100 p. : ill. ;c30cm. aEngineering Management-MS-Thesis aDr. Faheem Qaiser Jamil.